| 000 | 00782nam a2200241 a 4500 | ||
|---|---|---|---|
| 001 | 29527 | ||
| 003 | BD-RjUL | ||
| 005 | 20211209051426.0 | ||
| 008 | 140403s1960 enk b 001 0 eng d | ||
| 035 | _a(BD-RjUL)29612 | ||
| 040 |
_aXNTU _beng _cXNTU _dSUSA _dBD-RjUL |
||
| 041 | _aeng | ||
| 082 | 0 | 4 |
_a302 _219 _bTHG 1960 |
| 100 | 1 |
_aThouless, Robert H. _q(Robert Henry), _d1894- _989999 |
|
| 245 | 1 | 0 |
_aGeneral and social psychology : _ba textbook for students of economics and of social sciences / _cby Robert H. Thouless. |
| 260 |
_aLondon : _bUniversity Tutorial Press, _c1960. |
||
| 300 |
_axii, 464 p. ; _c19 cm. |
||
| 500 | _aIncludes index. | ||
| 504 | _aBibliography: p. 442-464. | ||
| 650 | 0 |
_aPsychology. _990000 |
|
| 650 | 0 |
_aSocial psychology. _990001 |
|
| 942 |
_2ddc _cBK |
||
| 999 |
_c29527 _d29527 |
||